| 000 | 00623nam a2200217Ia 4500 | ||
|---|---|---|---|
| 003 | OSt | ||
| 005 | 20230511160206.0 | ||
| 008 | 210423s2005 xx 000 0 und d | ||
| 020 | _a748407294 | ||
| 040 | _cAL | ||
| 041 | _aeng | ||
| 082 |
_a628.5 _223 _bOLGE |
||
| 100 |
_aOLGUIN (Eugenia J);others, Ed. _9103821 |
||
| 245 | _aEnvironmental biotechnology and cleaner bioprocesses. | ||
| 260 |
_aLondon _bTaylor & Francis _c2005 |
||
| 300 |
_axx,319 _bPB |
||
| 365 |
_b595 _cINR |
||
| 650 |
_aEnvironmental Engineering _9103822 |
||
| 906 | _abioprocesses. ; biotechnology ; cleaner ; Environmental | ||
| 942 |
_2ddc _cBK |
||
| 999 |
_c164323 _d164323 |
||